| 000 | 01439nam0a22003011 4500 | ||
|---|---|---|---|
| 001 | rc\3383454 | ||
| 005 | 20250306160005.0 | ||
| 021 |
_aRU _b[72-46739] |
||
| 035 | _a(NLR Aleph) 007535432 | ||
| 090 |
_a7767949 _c7767949 |
||
| 100 | _a20130115d1972 |||y0rusy50 ca | ||
| 101 | 0 | _arus | |
| 102 | _aRU | ||
| 105 | _ay a ||||| | ||
| 200 | 1 |
_aАктуальные проблемы библиотековедения и библиографии _eСборник докл., представл. на 36 сессию Междунар. федерации библ. ассоц. (Москва, 1970 г.) _fПод ред. О.С. Чубарьяна _gВсесоюз. гос. б-ка иностр. литературы. Отд. зарубеж. библиотековедения |
|
| 210 |
_aМосква _cБ. и. _d1972 |
||
| 215 |
_a179 с. _d20 |
||
| 320 | _aСписки лит. в конце докл. | ||
| 606 |
_aБиблиотековедение _jСборники _2psbo |
||
| 608 |
_aБиблиография _jСборники _2psbo |
||
| 702 | 1 |
_aЧубарьян _bО. С. _f1908-1976 _gОган Степанович _4340 |
|
| 712 | 0 | 2 |
_aМеждународная федерация библиотечных ассоциаций _bСессия _d36 _f1970 _eМосква _3RU\NLR\AUTH\8810093307 |
| 801 | 0 |
_aRU _bNLR _gpsbo |
|
| 801 | 1 |
_aRU _bELAR _2rusmarc |
|
| 852 |
_aNLR _jБ 1675/А-437 |
||
| 942 | _cBOOK | ||
| 980 | _aNB | ||